| Tag |
First Indicator |
Second Indicator |
Subfields |
| LEADER |
00000cam a2200000 a 4500 |
| 001 |
in00000031002 |
| 005 |
20151007054926.0 |
| 008 |
860904s1986 dcua b 00010 eng |
| 010 |
|
|
|a 86022338
|
| 020 |
|
|
|a 0880440805 (pbk.)
|
| 035 |
|
|
|a (OCoLC)14243378
|
| 035 |
|
|
|9 AAB6675AM
|
| 040 |
|
|
|a DLC
|c DLC
|d TXA
|d UtOrBLW
|
| 043 |
|
|
|a n-us---
|
| 049 |
|
|
|a TXAM
|c [A11535196]
|
| 050 |
0 |
0 |
|a LB2329.5
|b .A45 1986
|
| 082 |
0 |
|
|a 378/.053
|2 19
|
| 110 |
2 |
|
|a American Association of State Colleges and Universities.
|b National Commission on the Role and Future of State Colleges and Universities.
|
| 245 |
1 |
0 |
|a To secure the blessings of liberty :
|b report of the National Commission on the Role and Future of State Colleges and Universities.
|
| 264 |
|
1 |
|a Washington, D.C. :
|b American Association of State Colleges and Universities,
|c [1986]
|
| 264 |
|
4 |
|c ©1986
|
| 300 |
|
|
|a xi, 53 pages :
|b color illustrations ;
|c 26 cm.
|
| 336 |
|
|
|a text
|b txt
|2 rdacontent
|
| 337 |
|
|
|a unmediated
|b n
|2 rdamedia
|
| 338 |
|
|
|a volume
|b nc
|2 rdacarrier
|
| 504 |
|
|
|a Bibliography: pages 52-53.
|
| 650 |
|
0 |
|a State universities and colleges
|z United States.
|
| 650 |
|
0 |
|a Education, Higher
|z United States
|x Aims and objectives.
|
| 650 |
|
0 |
|a Educational equalization
|z United States.
|
| 650 |
|
0 |
|a Teachers
|x Training of
|z United States.
|
| 999 |
|
|
|a MARS
|
| 999 |
f |
f |
|s 3560211a-d278-3609-9590-03f09fa34a56
|i af68658e-ad1f-3e17-a768-e70e4b86aec5
|t 0
|
| 952 |
f |
f |
|p normal
|a Texas A&M University
|b College Station
|c Sterling C. Evans Library
|d Evans: Library Stacks
|t 0
|e LB2329.5 .A45 1986
|h Library of Congress classification
|i unmediated -- volume
|m A14811535196
|
| 998 |
f |
f |
|a LB2329.5 .A45 1986
|t 0
|l Evans: Library Stacks
|